[Event "Baltic Cup-B 2nd"]
[Site "Darlowko"]
[Date "2018.07.03"]
[Round "9"]
[White "Obiedzinski, Pawel"]
[Black "Kozlowski, Marcin"]
[Result "1-0"]
[WhiteElo "1838"]
[BlackElo "2109"]
[PlyCount "87"]
[EventDate "2018.06.24"]
[EventType "swiss"]
[EventRounds "9"]
[EventCountry "POL"]
[SourceTitle "CBM 187 Extra"]
[Source "ChessBase"]
[SourceDate "2018.11.04"]
[SourceVersion "1"]
[SourceVersionDate "2018.11.04"]
[SourceQuality "1"]

1. d4 Nf6 2. g3 d5 3. Bg2 Bf5 4. c4 Bxb1 5. Rxb1 c6 6. cxd5 cxd5 7. Nf3 e6 8. 0-0 Be7 9. Qb3 Qb6 10. Qxb6 axb6 11. a3 Nc6 12. Bf4 Ne4 13. Rfd1 f6 14. Kf1 Kf7 15. Nd2 Nxd2+ 16. Rxd2 f5 17. f3 Bf6 18. e4 b5 19. exd5 exd5 20. Be5 Rhd8 21. f4 Na5 22. Ke2 Nc4 23. Rc2 Rd7 24. Rbc1 Bd8 25. Bh3 g6 26. g4 Nxe5 27. fxe5 Ke6 28. Kd3 Bb6 29. gxf5+ gxf5 30. Rc8 Rxc8 31. Rxc8 Rd8 32. Rc3 Rg8 33. Rb3 Rg1 34. Rxb5 Rd1+ 35. Kc2 Rxd4 36. Rxb6+ Kxe5 37. Rxb7 Rh4 38. Rb3 f4 39. a4 Rh6 40. a5 Rc6+ 41. Kd2 Rc4 42. a6 Rd4+ 43. Kc2 Rc4+ 44. Kb1 1-0

[Event "Baltic Cup-B 2nd"]
[Site "Darlowko"]
[Date "2018.06.27"]
[Round "4"]
[White "Bartodziej, Bartosz"]
[Black "Obiedzinski, Pawel"]
[Result "1-0"]
[WhiteElo "1534"]
[BlackElo "1838"]
[PlyCount "65"]
[EventDate "2018.06.24"]
[EventType "swiss"]
[EventRounds "9"]
[EventCountry "POL"]
[SourceTitle "CBM 187 Extra"]
[Source "ChessBase"]
[SourceDate "2018.11.04"]
[SourceVersion "1"]
[SourceVersionDate "2018.11.04"]
[SourceQuality "1"]

1. e4 c6 2. d4 d5 3. e5 g6 4. Be3 Bg7 5. Be2 c5 6. c3 cxd4 7. cxd4 Nh6 8. g4 Nc6 9. h3 f6 10. f4 Qb6 11. Qd2 fxe5 12. fxe5 Nf7 13. Nc3 Qa5 14. Bf3 Be6 15. Nxd5 Qxd2+ 16. Kxd2 0-0-0 17. Nf4 Nxd4 18. Bxd4 Bh6 19. Nge2 Nxe5 20. Ke3 Rxd4 21. Nxd4 Bd7 22. Nde2 Nxf3 23. Kxf3 e5 24. Nd5 Bc6 25. Nec3 b5 26. Kg3 Kb7 27. Rhf1 a5 28. Rf7+ Kb8 29. b4 axb4 30. Nxb4 Bf4+ 31. Kf2 Be8 32. Na6+ Kc8 33. Rc7+ 1-0

[Event "Baltic Cup-B 2nd"]
[Site "Darlowko"]
[Date "2018.06.24"]
[Round "1"]
[White "Obiedzinski, Pawel"]
[Black "Lewandowski, Wiktor"]
[Result "1/2-1/2"]
[WhiteElo "1838"]
[BlackElo "1605"]
[PlyCount "117"]
[EventDate "2018.06.24"]
[EventType "swiss"]
[EventRounds "9"]
[EventCountry "POL"]
[SourceTitle "CBM 187 Extra"]
[Source "ChessBase"]
[SourceDate "2018.11.04"]
[SourceVersion "1"]
[SourceVersionDate "2018.11.04"]
[SourceQuality "1"]

1. d4 d5 2. Nf3 Nf6 3. g3 e6 4. Bg2 Bd6 5. 0-0 0-0 6. c4 c5 7. cxd5 Nxd5 8. e4 Nb6 9. e5 Be7 10. dxc5 Qxd1 11. Rxd1 Bxc5 12. Nc3 Nc6 13. Bf4 h6 14. Rac1 Be7 15. h4 Bd7 16. Nd4 g5 17. hxg5 hxg5 18. Nxc6 Bxc6 19. Bxc6 bxc6 20. Be3 Nc4 21. Rd7 Rfe8 22. Bd4 c5 23. Bxc5 Bxc5 24. Rc7 Nxe5 25. Rxc5 f6 26. Rc7 f5 27. Kg2 a6 28. Ne2 Rab8 29. b3 Rbd8 30. Rh1 Rd7 31. Rxd7 Nxd7 32. Rd1 Nc5 33. Rc1 Ne4 34. Rc6 Rd8 35. Nc3 Nxc3 36. Rxc3 Rd2 37. a4 Kf7 38. a5 Rd6 39. b4 Ke7 40. Kf3 Kd7 41. Ke3 Rd5 42. Rc4 e5 43. f3 f4+ 44. gxf4 gxf4+ 45. Ke4 Kd6 46. Kf5 Rb5 47. Re4 Rd5 48. Kf6 Rb5 49. Kf5 Rd5 50. Rc4 Rb5 51. Rc5 Rxc5 52. bxc5+ Kxc5 53. Kxe5 Kb5 54. Kxf4 Kxa5 55. Ke4 Kb5 56. f4 a5 57. f5 a4 58. f6 a3 59. f7 1/2-1/2

[Event "Bialystok Zamenhof Memorial-C 35th"]
[Site "Bialystok"]
[Date "2017.12.30"]
[Round "7.9"]
[White "Milewski, Karol"]
[Black "Obiedzinski, Pawel"]
[Result "1/2-1/2"]
[WhiteElo "1755"]
[BlackElo "1893"]
[PlyCount "20"]
[EventDate "2017.12.27"]
[EventType "swiss"]
[EventRounds "9"]
[EventCountry "POL"]
[SourceTitle "EXT 2023"]
[Source "ChessBase"]
[SourceDate "2022.10.05"]
[SourceVersion "1"]
[SourceVersionDate "2022.10.05"]
[SourceQuality "1"]

1. e4 c6 2. d4 d5 3. e5 c5 4. c3 Nc6 5. Nf3 Bg4 6. dxc5 Bxf3 7. Qxf3 e6 8. b4 Nxe5 9. Bb5+ Nc6 10. 0-0 Be7 1/2-1/2

[Event "Bialystok Zamenhof Memorial-C 35th"]
[Site "Bialystok"]
[Date "2017.12.29"]
[Round "6.9"]
[White "Obiedzinski, Pawel"]
[Black "Karolczuk, Iwo"]
[Result "1-0"]
[WhiteElo "1893"]
[BlackElo "1536"]
[PlyCount "127"]
[EventDate "2017.12.27"]
[EventType "swiss"]
[EventRounds "9"]
[EventCountry "POL"]
[SourceTitle "EXT 2023"]
[Source "ChessBase"]
[SourceDate "2022.10.05"]
[SourceVersion "1"]
[SourceVersionDate "2022.10.05"]
[SourceQuality "1"]

1. d4 Nf6 2. Bg5 e6 3. e3 h6 4. Bh4 Be7 5. Bd3 b6 6. Nf3 Bb7 7. 0-0 d5 8. Ne5 a6 9. f4 Ne4 10. Be1 0-0 11. Nd2 f5 12. g4 Qe8 13. h3 b5 14. Kh2 c5 15. c3 Nc6 16. Ndf3 cxd4 17. Nxc6 Bxc6 18. cxd4 Bd6 19. Rg1 Kh7 20. g5 Qe7 21. g6+ Kg8 22. Bh4 Qc7 23. Rc1 Qd7 24. Ne5 Bxe5 25. fxe5 Rfe8 26. Bxe4 dxe4 27. Bg3 Bd5 28. b3 Rac8 29. Rg2 Kf8 30. Bf4 Rxc1 31. Qxc1 Rc8 32. Qd1 Ke7 33. Qh5 Rh8 34. Qh4+ Ke8 35. Rc2 Qd8 36. Qe1 Kd7 37. Qc1 Qb6 38. Bg3 a5 39. Rc5 Rb8 40. Bh4 Rf8 41. Kg3 Qb7 42. Be7 Re8 43. Bd6 Bc6 44. Kf4 Rg8 45. Qa3 Ra8 46. Rc1 Qc8 47. Qc5 a4 48. Be7 axb3 49. axb3 Qc7 50. Bf8 Ra2 51. Kg3 f4+ 52. exf4 e3 53. d5 exd5 54. e6+ Kxe6 55. Qxc6+ Qxc6 56. Rxc6+ Kf5 57. Bxg7 Ke4 58. Re6+ Kd3 59. Bf6 Ra8 60. g7 Rg8 61. Kf3 d4 62. Bxd4 Kxd4 63. Re4+ Kd5 64. Rxe3 1-0

[Event "Bialystok Zamenhof Memorial-C 35th"]
[Site "Bialystok"]
[Date "2017.12.28"]
[Round "3.12"]
[White "Kietrys, Maciej"]
[Black "Obiedzinski, Pawel"]
[Result "1/2-1/2"]
[WhiteElo "1535"]
[BlackElo "1893"]
[PlyCount "132"]
[EventDate "2017.12.27"]
[EventType "swiss"]
[EventRounds "9"]
[EventCountry "POL"]
[SourceTitle "EXT 2023"]
[Source "ChessBase"]
[SourceDate "2022.10.05"]
[SourceVersion "1"]
[SourceVersionDate "2022.10.05"]
[SourceQuality "1"]

1. e4 c6 2. d4 d5 3. Nd2 g6 4. Ngf3 Bg7 5. c3 Nh6 6. Bd3 0-0 7. 0-0 Nd7 8. Qe2 Re8 9. Re1 c5 10. dxc5 Nxc5 11. Bb5 Bd7 12. exd5 Rc8 13. Bxd7 Qxd7 14. Ne4 Qxd5 15. Nxc5 Qxc5 16. Be3 Qa5 17. Red1 Nf5 18. h3 Rcd8 19. g4 Rxd1+ 20. Rxd1 Nxe3 21. Qxe3 Qxa2 22. Rd2 e5 23. Kg2 Qa6 24. Qe4 Qc6 25. Qxc6 bxc6 26. Rd7 e4 27. Nd2 e3 28. fxe3 Rxe3 29. Nc4 Re4 30. Na5 Re2+ 31. Kf3 Rxb2 32. Nxc6 a6 33. Ra7 Ra2 34. Nb4 Ra3 35. Ra8+ Bf8 36. Nxa6 Rxc3+ 37. Kg2 Ra3 38. Nc7 Rxa8 39. Nxa8 Be7 40. Nb6 Kg7 41. Nd5 Bd6 42. Kf3 f6 43. Ne3 Kf7 44. Ke4 Ke6 45. Ng2 Bg3 46. Ne3 Bh4 47. Ng2 Bg5 48. Ne1 Bc1 49. Nd3 Bd2 50. Nf2 f5+ 51. gxf5+ gxf5+ 52. Kf3 Kd5 53. Nd3 Kd4 54. Nf4 Ke5 55. Nd3+ Kf6 56. Kg2 Kg5 57. Kg3 h6 58. h4+ Kf6 59. Kf3 Ke6 60. Ke2 Ba5 61. Kf3 Bc7 62. Nc5+ Kd5 63. Nd3 Kd4 64. Nf4 Ba5 65. Ng6 Bd8 66. Kf4 Bxh4 1/2-1/2

[Event "Bialystok Zamenhof Memorial-C 35th"]
[Site "Bialystok"]
[Date "2017.12.27"]
[Round "2.12"]
[White "Obiedzinski, Pawel"]
[Black "Zarebska, Lena"]
[Result "0-1"]
[WhiteElo "1893"]
[BlackElo "1541"]
[PlyCount "82"]
[EventDate "2017.12.27"]
[EventType "swiss"]
[EventRounds "9"]
[EventCountry "POL"]
[SourceTitle "EXT 2023"]
[Source "ChessBase"]
[SourceDate "2022.10.05"]
[SourceVersion "1"]
[SourceVersionDate "2022.10.05"]
[SourceQuality "1"]

1. d4 Nf6 2. c4 c5 3. e3 g6 4. Nf3 Bg7 5. Nc3 0-0 6. Be2 cxd4 7. exd4 d5 8. 0-0 Nc6 9. Ne5 dxc4 10. Nxc6 bxc6 11. Bxc4 Nd5 12. Bg5 h6 13. Be3 Rb8 14. Rb1 Bf5 15. Bd3 Bxd3 16. Qxd3 c5 17. Rfd1 Nxe3 18. fxe3 cxd4 19. exd4 Rb4 20. Ne2 Qb6 21. b3 Rd8 22. Kh1 Rb5 23. Qe4 Qd6 24. Rd3 Rh5 25. h3 Rd5 26. Rf1 Qd7 27. Re3 e5 28. dxe5 Rxe5 29. Qf3 Rf5 30. Nf4 g5 31. Rd3 Qc8 32. Qd1 Rxd3 33. Nxd3 Rd5 34. Qf3 Qd7 35. Nf2 a5 36. Rd1 Rxd1+ 37. Nxd1 Qd2 38. Nf2 Qe1+ 39. Kh2 Bd4 40. Ne4 Bg1+ 41. Kh1 Bf2+ 0-1

[Event "Rewal op-B 17th"]
[Site "Rewal"]
[Date "2012.08.??"]
[Round "3"]
[White "Obiedzinski, Pawel"]
[Black "Sikorski, Tomasz"]
[Result "1-0"]
[WhiteElo "2040"]
[BlackElo "1735"]
[PlyCount "43"]
[EventDate "2012.08.20"]
[EventType "swiss"]
[EventRounds "9"]
[EventCountry "POL"]
[SourceTitle "EXT 2014"]
[Source "ChessBase"]
[SourceDate "2013.11.20"]
[SourceVersion "1"]
[SourceVersionDate "2013.11.20"]
[SourceQuality "1"]

1. d4 e6 2. c4 d5 3. cxd5 exd5 4. Nc3 c6 5. Nf3 Bf5 6. Bf4 Bd6 7. Bxd6 Qxd6 8. Qb3 Qc7 9. e3 Nd7 10. Be2 h6 11. Rc1 Qb6 12. Qa3 Ne7 13. 0-0 f6 14. Rfe1 Kf7 15. e4 Be6 16. exd5 Nxd5 17. Bc4 Rhe8 18. Ne4 Kg6 19. Nd6 Re7 20. Bxd5 cxd5 21. Qd3+ f5 22. Rxe6+ 1-0

[Event "Memorial Henryk Jakubowski"]
[Site "Lomza"]
[Date "2011.01.08"]
[Round "3.1"]
[White "Walewski, Wojciech"]
[Black "Obiedzinski, Pawel"]
[Result "1/2-1/2"]
[WhiteElo "2063"]
[BlackElo "2049"]
[PlyCount "40"]
[EventDate "2011.01.08"]
[EventType "swiss"]
[EventRounds "5"]
[EventCountry "POL"]
[SourceTitle "EXT 2023"]
[Source "ChessBase"]
[SourceDate "2022.10.05"]
[SourceVersion "1"]
[SourceVersionDate "2022.10.05"]
[SourceQuality "1"]

1. d4 Nf6 2. c4 c5 3. Nf3 g6 4. Nc3 Bg7 5. d5 d6 6. Qb3 0-0 7. e4 e6 8. dxe6 fxe6 9. Bg5 h6 10. Bh4 g5 11. Bg3 g4 12. Nh4 Nc6 13. Bd3 Nd4 14. Qd1 e5 15. 0-0 Bd7 16. Ne2 Nh5 17. Nxd4 cxd4 18. Nf5 Bxf5 19. exf5 Qg5 20. f3 Nxg3 1/2-1/2

[Event "POL-chT 2st League"]
[Site "Mrzezyno"]
[Date "2010.09.08"]
[Round "5.74"]
[White "Tobolski, Jakub"]
[Black "Obiedzinski, Pawel"]
[Result "0-1"]
[WhiteElo "2100"]
[BlackElo "2033"]
[PlyCount "92"]
[EventDate "2010.09.04"]
[EventType "team-swiss"]
[EventRounds "9"]
[EventCountry "POL"]
[SourceTitle "EXT 2019"]
[Source "ChessBase"]
[SourceDate "2018.10.10"]
[SourceVersion "1"]
[SourceVersionDate "2018.10.10"]
[SourceQuality "1"]
[WhiteTeam "Rybnik MKSz"]
[BlackTeam "Lomza Devo Maraton"]
[WhiteTeamCountry "POL"]
[BlackTeamCountry "POL"]

1. e4 c6 2. d4 d5 3. exd5 cxd5 4. Bd3 Nf6 5. Bf4 Bg4 6. Nf3 e6 7. c3 Bd6 8. Qa4+ Nc6 9. Bxd6 Qxd6 10. Ne5 0-0 11. f4 Bf5 12. Bb5 Ne4 13. Bxc6 bxc6 14. 0-0 c5 15. dxc5 Qxc5+ 16. Qd4 Qxd4+ 17. cxd4 h5 18. Na3 Rfc8 19. Rac1 Rab8 20. b3 Nc3 21. Kf2 Nxa2 22. Rxc8+ Rxc8 23. Ra1 Nc3 24. Ke1 Rb8 25. Nc6 Rxb3 26. Nxa7 Bd3 27. Kd2 Ne4+ 28. Kc1 Kh7 29. Nb1 Rxb1+ 30. Rxb1 Bxb1 31. Kxb1 Nc3+ 32. Kc2 Ne2 33. Nc6 Nxf4 34. g3 Ng6 35. Kd3 f6 36. Ke3 Nf8 37. Kf4 g5+ 38. Ke3 Kg6 39. Kf3 Nd7 40. h3 f5 41. h4 gxh4 42. gxh4 Kf6 43. Kf4 Nf8 44. Nb4 Ng6+ 45. Kg3 f4+ 46. Kf3 Kf5 0-1

[Event "POL-chT 2st League"]
[Site "Mrzezyno"]
[Date "2010.09.05"]
[Round "2.50"]
[White "Obiedzinski, Pawel"]
[Black "Czerwonski, Aleksander"]
[Result "0-1"]
[WhiteElo "2033"]
[BlackElo "2383"]
[PlyCount "71"]
[EventDate "2010.09.04"]
[EventType "team-swiss"]
[EventRounds "9"]
[EventCountry "POL"]
[SourceTitle "EXT 2019"]
[Source "ChessBase"]
[SourceDate "2018.10.10"]
[SourceVersion "1"]
[SourceVersionDate "2018.10.10"]
[SourceQuality "1"]
[WhiteTeam "Lomza Devo Maraton"]
[BlackTeam "Gorzow Wielkopolski Stilon II"]
[WhiteTeamCountry "POL"]
[BlackTeamCountry "POL"]

1. e4 d6 2. d4 Nf6 3. Nc3 g6 4. Be3 a6 5. f3 Nbd7 6. e5 dxe5 7. dxe5 Nxe5 8. Qxd8+ Kxd8 9. 0-0-0+ Bd7 10. Nh3 Bg7 11. Bd4 Nc6 12. Bxf6 exf6 13. Bc4 Ne5 14. Bb3 Kc8 15. f4 Bh6 16. Kb1 Bxh3 17. fxe5 Bxg2 18. Rhg1 Bc6 19. exf6 Kb8 20. Bxf7 Rf8 21. Bd5 Rxf6 22. Bxc6 Rxc6 23. Rd7 Ka7 24. Rxh7 Be3 25. Rd1 Bf4 26. Ne2 Be5 27. Nc1 Rf6 28. Nd3 Bd6 29. a3 Re8 30. Rd2 Re4 31. Rg2 c5 32. c3 c4 33. Nb4 Rf1+ 34. Kc2 Ree1 35. Na2 Bf4 36. Rf7 0-1

[Event "Lomza op"]
[Site "Lomza"]
[Date "2010.08.29"]
[Round "5.1"]
[White "Obiedzinski, Pawel"]
[Black "Grochowski, Robert"]
[Result "1-0"]
[WhiteElo "2033"]
[BlackElo "1726"]
[PlyCount "105"]
[EventDate "2010.08.24"]
[EventType "swiss"]
[EventRounds "9"]
[EventCountry "POL"]
[SourceTitle "EXT 2023"]
[Source "ChessBase"]
[SourceDate "2022.10.05"]
[SourceVersion "1"]
[SourceVersionDate "2022.10.05"]
[SourceQuality "1"]

1. e4 e5 2. Nf3 Nf6 3. Nxe5 d6 4. Nf3 Nxe4 5. d4 d5 6. Bf4 Bd6 7. Ne5 0-0 8. f3 Ng5 9. Qd2 Ne6 10. Be3 Bxe5 11. dxe5 d4 12. Bf2 Qd5 13. Bg3 Qc5 14. Bd3 Nc6 15. f4 f5 16. exf6 Rxf6 17. f5 Nf8 18. 0-0 Bxf5 19. Rxf5 Rxf5 20. Bxf5 Qxf5 21. Bxc7 Ne6 22. Bg3 Rf8 23. Na3 Nc5 24. Qe2 Ne4 25. Rf1 Qxf1+ 26. Qxf1 Rxf1+ 27. Kxf1 Nxg3+ 28. hxg3 Kf7 29. Nb5 Ke7 30. Ke2 a6 31. Nc7 Nb4 32. c3 dxc3 33. bxc3 Nc6 34. Kd3 Kd7 35. Nd5 Kd6 36. Ne3 g6 37. Ke4 Kc5 38. Kf4 h6 39. g4 Kb5 40. g5 h5 41. g3 Ka4 42. Nc2 b5 43. Nd4 Nd8 44. Ke5 Nf7+ 45. Kf6 Nxg5 46. Kxg5 Ka3 47. Kxg6 Kxa2 48. Kxh5 Kb2 49. g4 Kxc3 50. Nc6 Kc4 51. g5 Kd5 52. Na5 Ke6 53. Kh6 1-0

[Event "Lomza op"]
[Site "Lomza"]
[Date "2010.08.29"]
[Round "7.2"]
[White "Obiedzinski, Pawel"]
[Black "Szwajkowski, Patryk"]
[Result "1-0"]
[WhiteElo "2033"]
[BlackElo "1529"]
[PlyCount "107"]
[EventDate "2010.08.24"]
[EventType "swiss"]
[EventRounds "9"]
[EventCountry "POL"]
[SourceTitle "EXT 2023"]
[Source "ChessBase"]
[SourceDate "2022.10.05"]
[SourceVersion "1"]
[SourceVersionDate "2022.10.05"]
[SourceQuality "1"]

1. e4 c5 2. Nf3 d6 3. d4 cxd4 4. Qxd4 Nc6 5. Bb5 Nf6 6. Bg5 Bd7 7. Bxc6 Bxc6 8. Nc3 h6 9. Bxf6 gxf6 10. 0-0-0 Qd7 11. Kb1 b6 12. Qd3 0-0-0 13. Rhe1 Kb8 14. Nd4 Bb7 15. g3 e5 16. Nf5 Be7 17. Nd5 Bxd5 18. Qxd5 Qe8 19. Re3 h5 20. h4 Bf8 21. Rc3 Qe6 22. Rc6 Qxd5 23. Rxd5 Kb7 24. Rc3 Rg8 25. Rcd3 Kc6 26. c4 Rg4 27. Re3 Rd7 28. b4 Rc7 29. Kb2 Kd7 30. Kb3 Be7 31. Nh6 Rg6 32. Nf5 Rg8 33. Red3 Rg4 34. f3 Rg8 35. c5 bxc5 36. Rxc5 Rb7 37. Rc4 a5 38. Rd5 axb4 39. Rxb4 Rxb4+ 40. Kxb4 Rb8+ 41. Rb5 d5+ 42. Nxe7 Rxb5+ 43. Kxb5 Kxe7 44. exd5 Kd6 45. g4 e4 46. Kc4 Ke5 47. d6 exf3 48. Kd3 Kf4 49. d7 hxg4 50. d8Q Kg3 51. Qxf6 Kg2 52. Ke3 Kh3 53. h5 Kh2 54. Qxf3 1-0

[Event "Lomza op"]
[Site "Lomza"]
[Date "2010.08.28"]
[Round "3.1"]
[White "Obiedzinski, Pawel"]
[Black "Hasanov, Sahib"]
[Result "1-0"]
[WhiteElo "2033"]
[BlackElo "2046"]
[PlyCount "113"]
[EventDate "2010.08.24"]
[EventType "swiss"]
[EventRounds "9"]
[EventCountry "POL"]
[SourceTitle "EXT 2023"]
[Source "ChessBase"]
[SourceDate "2022.10.05"]
[SourceVersion "1"]
[SourceVersionDate "2022.10.05"]
[SourceQuality "1"]

1. e4 d6 2. d4 c6 3. Nc3 Nd7 4. Be3 a6 5. Qd2 b5 6. 0-0-0 Ngf6 7. e5 Nd5 8. Nxd5 cxd5 9. exd6 e6 10. Bd3 Bxd6 11. Nf3 Qc7 12. Kb1 Bb7 13. Qe2 Nb6 14. Ne5 Nc4 15. f4 0-0-0 16. g3 f6 17. Nf3 e5 18. fxe5 fxe5 19. Nxe5 Bxe5 20. dxe5 Nxe3 21. Qxe3 d4 22. Qf4 Bxh1 23. Rxh1 g6 24. a4 Qc6 25. Be4 Qb6 26. axb5 axb5 27. Re1 Rhe8 28. Bd3 Re7 29. h4 Qa5 30. Qe4 Rd5 31. Rf1 Rexe5 32. Qg4+ Kd8 33. Be4 Rd7 34. Qf4 Rde7 35. Qf6 Rxe4 36. Qd6+ Ke8 37. Qc6+ Kd8 38. Rf8+ Re8 39. Qd6+ Kc8 40. Qc6+ Kb8 41. Rxe8+ Rxe8 42. Qxe8+ Kc7 43. Qe7+ Kc6 44. b4 Qb6 45. Qxh7 Kd5 46. Qe7 Qb8 47. Qf7+ Ke4 48. Qxg6+ Kf3 49. Qd3+ Kg2 50. Qxd4 Kxg3 51. h5 Qe8 52. h6 Qe1+ 53. Kb2 Qh1 54. Qg7+ Kf2 55. h7 Qe4 56. Qf7+ Ke1 57. h8Q 1-0

[Event "Ketrzyn op-A 12th"]
[Site "Ketrzyn"]
[Date "2009.12.29"]
[Round "6"]
[White "Obiedzinski, Pawel"]
[Black "Vaitonis, Vytautas"]
[Result "0-1"]
[WhiteElo "2019"]
[BlackElo "2051"]
[PlyCount "49"]
[EventDate "2009.12.27"]
[EventType "swiss"]
[EventRounds "9"]
[EventCountry "POL"]
[SourceTitle "CBM 134 Extra"]
[Source "ChessBase"]
[SourceDate "2010.03.03"]
[SourceVersion "1"]
[SourceVersionDate "2010.03.03"]
[SourceQuality "1"]

1. d4 Nf6 2. Bg5 e6 3. e3 Be7 4. Nd2 b6 5. Bd3 Bb7 6. Ngf3 d6 7. Qe2 a6 8. e4 Nbd7 9. 0-0 h6 10. Bh4 g5 11. Bg3 Nh5 12. d5 e5 13. b4 Nf4 14. Qe3 g4 15. Nxe5 dxe5 16. Bxf4 exf4 17. Qd4 Bf6 18. e5 Bxe5 19. Rae1 Qe7 20. Qe4 0-0-0 21. Nc4 f6 22. Qf5 Kb8 23. Nd2 Qxb4 24. Ne4 Qa4 25. c4 0-1

[Event "POL-chT 2nd League"]
[Site "Miedzyzdroje"]
[Date "2009.09.18"]
[Round "7"]
[White "Obiedzinski, Pawel"]
[Black "Rzepka, Krzysztof"]
[Result "0-1"]
[WhiteElo "2013"]
[BlackElo "2214"]
[PlyCount "54"]
[EventDate "2009.09.12"]
[EventType "team-swiss"]
[EventRounds "9"]
[EventCountry "POL"]
[SourceTitle "EXT 2019"]
[Source "ChessBase"]
[SourceDate "2018.10.10"]
[SourceVersion "1"]
[SourceVersionDate "2018.10.10"]
[SourceQuality "1"]
[WhiteTeam "Lomza Devo Maraton"]
[BlackTeam "Mikolow AKS"]
[WhiteTeamCountry "POL"]
[BlackTeamCountry "POL"]

1. d4 Nf6 2. Bg5 Ne4 3. Bf4 d5 4. e3 c6 5. f3 Nd6 6. Bd3 Qb6 7. b3 Na6 8. c3 g6 9. Ne2 Bg7 10. 0-0 0-0 11. Nd2 c5 12. Re1 Re8 13. Nf1 Nc7 14. Rc1 Ne6 15. Bg3 Bd7 16. Bf2 Rac8 17. dxc5 Nxc5 18. e4 dxe4 19. Bxe4 Ndxe4 20. fxe4 Qc7 21. Nd4 e5 22. Nf3 Bg4 23. Qc2 Ne6 24. Ne3 Bxf3 25. gxf3 Ng5 26. Qd2 Nh3+ 27. Kg2 Nf4+ 0-1

[Event "POL-chT 2nd League"]
[Site "Miedzyzdroje"]
[Date "2009.09.15"]
[Round "4"]
[White "Szylko, Waldemar"]
[Black "Obiedzinski, Pawel"]
[Result "0-1"]
[WhiteElo "2094"]
[BlackElo "2013"]
[PlyCount "61"]
[EventDate "2009.09.12"]
[EventType "team-swiss"]
[EventRounds "9"]
[EventCountry "POL"]
[SourceTitle "EXT 2019"]
[Source "ChessBase"]
[SourceDate "2018.10.10"]
[SourceVersion "1"]
[SourceVersionDate "2018.10.10"]
[SourceQuality "1"]
[WhiteTeam "Lubsko Caissa"]
[BlackTeam "Lomza Devo Maraton"]
[WhiteTeamCountry "POL"]
[BlackTeamCountry "POL"]

1. e4 c6 2. Nc3 d5 3. Nf3 dxe4 4. Nxe4 Bg4 5. Bc4 e6 6. d4 Be7 7. h3 Bxf3 8. gxf3 Nd7 9. Bf4 Nb6 10. Bb3 Nf6 11. Qd2 Nbd5 12. Be5 a5 13. c3 a4 14. Bc2 a3 15. b3 Qa5 16. b4 Nxb4 17. Nd6+ Bxd6 18. Bxd6 Nxc2+ 19. Qxc2 Qd5 20. Bc5 Qxf3 21. 0-0 Qxh3 22. f3 Qg3+ 23. Kh1 Qh4+ 24. Kg1 Qg5+ 25. Kf2 Nd5 26. Rae1 Nf4 27. Qe4 Qh4+ 28. Ke3 Ng2+ 29. Kd3 Nxe1+ 30. Rxe1 Qxe4+ 31. Rxe4 0-1

[Event "POL-chT 2nd League"]
[Site "Miedzyzdroje"]
[Date "2009.09.13"]
[Round "2"]
[White "Komorzycki, Jakub"]
[Black "Obiedzinski, Pawel"]
[Result "0-1"]
[WhiteElo "2128"]
[BlackElo "2013"]
[PlyCount "64"]
[EventDate "2009.09.12"]
[EventType "team-swiss"]
[EventRounds "9"]
[EventCountry "POL"]
[SourceTitle "EXT 2019"]
[Source "ChessBase"]
[SourceDate "2018.10.10"]
[SourceVersion "1"]
[SourceVersionDate "2018.10.10"]
[SourceQuality "1"]
[WhiteTeam "Deblin Czarni"]
[BlackTeam "Lomza Devo Maraton"]
[WhiteTeamCountry "POL"]
[BlackTeamCountry "POL"]

1. e4 c6 2. d4 d5 3. exd5 cxd5 4. c4 e6 5. Nf3 Nf6 6. Bd3 Bb4+ 7. Bd2 Bxd2+ 8. Nbxd2 Nc6 9. c5 0-0 10. 0-0 e5 11. dxe5 Nd7 12. Qc2 h6 13. Qc3 Qe7 14. b4 Ncxe5 15. Rfe1 Nxf3+ 16. Nxf3 Qd8 17. Rad1 Nf6 18. Bc2 Re8 19. Rxe8+ Qxe8 20. Re1 Be6 21. Ne5 Qd7 22. f3 a6 23. a4 Rc8 24. b5 axb5 25. axb5 Qc7 26. Rc1 Nd7 27. c6 bxc6 28. Nxc6 Kh8 29. Qd3 g6 30. Qd4+ f6 31. Bxg6 Qb6 32. Re1 Rxc6 0-1

[Event "Ketrzyn op-A 11th"]
[Site "Ketrzyn"]
[Date "2008.12.29"]
[Round "7.9"]
[White "Obiedzinski, Pawel"]
[Black "Czaus, Piotr"]
[Result "1-0"]
[WhiteElo "2023"]
[BlackElo "2039"]
[PlyCount "65"]
[EventDate "2008.12.27"]
[EventType "swiss"]
[EventRounds "9"]
[EventCountry "POL"]
[SourceTitle "EXT 2023"]
[Source "ChessBase"]
[SourceDate "2022.10.05"]
[SourceVersion "1"]
[SourceVersionDate "2022.10.05"]
[SourceQuality "1"]

1. d4 Nf6 2. Bg5 d6 3. Nc3 g6 4. e4 Bg7 5. f3 c6 6. Qd2 h5 7. 0-0-0 b5 8. h4 a5 9. Kb1 Bd7 10. e5 Nh7 11. exd6 Nxg5 12. dxe7 Qxe7 13. hxg5 0-0 14. g4 hxg4 15. fxg4 Bxg4 16. Re1 Be6 17. Nf3 Rd8 18. Bd3 Na6 19. Ne5 Bxe5 20. dxe5 Kg7 21. Rh7+ Kf8 22. Qf4 Rxd3 23. cxd3 Rd8 24. Rh8+ Kg7 25. Rh4 Bf5 26. e6 Rxd3 27. Ka1 Nb4 28. Qe5+ f6 29. gxf6+ Qxf6 30. Qc7+ Kg8 31. Qh7+ Kf8 32. e7+ Ke8 33. Qh8+ 1-0

[Event "Ketrzyn op-A 11th"]
[Site "Ketrzyn"]
[Date "2008.12.28"]
[Round "5.10"]
[White "Obiedzinski, Pawel"]
[Black "Panek, Tadeusz"]
[Result "1-0"]
[WhiteElo "2023"]
[BlackElo "1955"]
[PlyCount "49"]
[EventDate "2008.12.27"]
[EventType "swiss"]
[EventRounds "9"]
[EventCountry "POL"]
[SourceTitle "EXT 2023"]
[Source "ChessBase"]
[SourceDate "2022.10.05"]
[SourceVersion "1"]
[SourceVersionDate "2022.10.05"]
[SourceQuality "1"]

1. d4 d5 2. Bg5 h6 3. Bh4 g5 4. Bg3 Bg7 5. e3 Nd7 6. c4 e6 7. Nc3 c6 8. Nf3 Ngf6 9. Bd3 0-0 10. h4 g4 11. Ne5 h5 12. f3 gxf3 13. gxf3 Nxe5 14. Bxe5 Ne8 15. Bxg7 Nxg7 16. Qe2 dxc4 17. Bxc4 f5 18. 0-0-0 b5 19. Bb3 a5 20. Rdg1 Qf6 21. f4 Kf7 22. Rg5 Bd7 23. Rhg1 Qh6 24. Rg6 Qh7 25. R6g5 1-0

[Event "Ketrzyn op-A 11th"]
[Site "Ketrzyn"]
[Date "2008.12.27"]
[Round "2.7"]
[White "Les, Czeslaw"]
[Black "Obiedzinski, Pawel"]
[Result "1-0"]
[WhiteElo "1893"]
[BlackElo "2023"]
[PlyCount "93"]
[EventDate "2008.12.27"]
[EventType "swiss"]
[EventRounds "9"]
[EventCountry "POL"]
[SourceTitle "EXT 2023"]
[Source "ChessBase"]
[SourceDate "2022.10.05"]
[SourceVersion "1"]
[SourceVersionDate "2022.10.05"]
[SourceQuality "1"]

1. d4 d5 2. Nf3 Bg4 3. c4 e6 4. Ne5 Bf5 5. Nc3 f6 6. Nf3 Nc6 7. e3 Nb4 8. Be2 Nc2+ 9. Kf1 Nxa1 10. Nh4 Bc2 11. Qe1 f5 12. g3 Be7 13. Ng2 Nf6 14. Bd2 Ne4 15. Nxe4 Bxe4 16. f3 Nc2 17. Qd1 0-0 18. Nf4 Qd7 19. fxe4 fxe4 20. Qxc2 g5 21. Bg4 Qc6 22. Kg2 gxf4 23. gxf4 Rf6 24. h3 Kg7 25. Rc1 Rg6 26. Kh2 Qa6 27. Be1 c6 28. f5 exf5 29. Bxf5 Rg5 30. Be6 Rf8 31. Bh4 Bd6+ 32. Kh1 Rg6 33. Bg4 Qxa2 34. Bh5 Bg3 35. Bxg3 Rxg3 36. Qh2 Rg5 37. c5 Qa5 38. h4 Rxh5 39. Rg1+ Kh8 40. Qg3 Rxh4+ 41. Qxh4 Qd8 42. Qg3 Qf6 43. Rg2 a6 44. Kg1 h6 45. Kh2 Kh7 46. Qg4 Rf7 47. Rg1 1-0